Principles of Catholic Social Teaching Quiz Stats

 Plays Quiz not verified by Sporcle

Challenge
Share
Tweet
Embed
Score 0/9 Timer 02:00
0 Plays Today
Principle % Correct
Solidarity
78.3%
Dignity of the Human Person
56.7%
The Common Good
45%
Preferential Option for the Poor and Vulnerable
43.3%
Rights and Responsibilities
38.3%
Stewardship
38.3%
Call to Family, Community, and Participation
21.7%
Respect for Human Life
18.3%
Dignity of Work and Rights of Workers
16.7%

You're not logged in!

Compare scores with friends on all Sporcle quizzes.
Join for Free
OR
Log In

You Might Also Like...

Show Comments

Extras

Top Quizzes Today


Score Distribution

Your Account Isn't Verified!

In order to create a playlist on Sporcle, you need to verify the email address you used during registration. Go to your Sporcle Settings to finish the process.

Report this User

Report this user for behavior that violates our Community Guidelines.

Details: